[Event "Toronto NAYCC U10"]
[Site "Toronto"]
[Date "2013.08.18"]
[Round "9"]
[White "Demers, Alexis"]
[Black "Xiong, Dylan"]
[Result "1-0"]
[WhiteElo "1181"]
[BlackElo "727"]
[PlyCount "35"]
[EventDate "2013.08.14"]
[EventType "swiss"]
[EventRounds "9"]
[EventCountry "CAN"]
[SourceTitle "EXT 2022"]
[Source "ChessBase"]
[SourceDate "2021.10.06"]
[SourceVersion "1"]
[SourceVersionDate "2021.10.06"]
[SourceQuality "1"]

1. d4 d5 2. c4 e6 3. Nc3 Nf6 4. Bf4 Bd6 5. Qd2 Bxf4 6. Qxf4 c6 7. e3 Nbd7 8. Bd3 Qe7 9. Nf3 0-0 10. 0-0 dxc4 11. Bxc4 b5 12. Bd3 Bb7 13. e4 Rad8 14. Rfd1 Rfe8 15. e5 Nd5 16. Qe4 a6 17. Qxh7+ Kf8 18. Qh8# 1-0